000 01178nam a2200241Ia 4500
999 _c39542
_d39542
001 6140
003 GE_BSU
005 20190506163906.0
008 181216s1981||||ge |||||||||||||| ||geo||
040 _cGE_BSU
041 _ageo
080 _a691(075.2) ბ-83
100 _aბოლქვაძე, ლ.
_9805
245 _aსაშენი მასალები ნაწ.2 (ორგანული საშენი მასალები და ნაკეთობანი) :
_bსახელმძღვ. /
_cლ. ბოლქვაძე, ი.ანდრიაძე ; რედ. ო.კაციტაძე.
264 _aთბილისი :
_bუნ-ის გამ-ბა,
_c1981.
300 _a182 გვ. :
_bილ. ;
_c22 სმ.
504 _aბიბლიოგრ. : გვ.185.
653 _aორგანული საშენი მასალები და ნაკეთობანი
653 _aსაშენი მასალები
700 _aანდრიაძე, ი.
_eავტორი
_9813
700 _aკაციტაძე, ო.
_eრედაქტორი
_9806
942 _cBK
_2udc